[Event "Medellin de La Raza U2000 op"]
[Site "Medellin"]
[Date "2023.10.14"]
[Round "5"]
[White "Arias Atehortua, Juan Esteban"]
[Black "Mesa, Francisco Alonso Jr"]
[Result "0-1"]
[WhiteElo "1581"]
[BlackElo "1725"]
[PlyCount "65"]
[EventDate "2023.10.12"]
[EventType "swiss"]
[EventRounds "9"]
[EventCountry "COL"]
[SourceTitle "Mega2024 Update 01"]
[Source "Chessbase"]
[SourceDate "2023.11.12"]
[SourceVersion "1"]
[SourceVersionDate "2023.11.12"]
[SourceQuality "1"]

1. e4 c5 2. Nf3 e6 3. d4 cxd4 4. Nxd4 a6 5. Nc3 Qc7 6. Bd3 Nf6 7. Be3 Be7 8. 0-0 0-0 9. f4 d6 10. Qf3 b5 11. Rae1 Bb7 12. a3 Nbd7 13. Nde2 Nc5 14. Bxc5 dxc5 15. Ng3 c4 16. Be2 Rad8 17. Rd1 Bc5+ 18. Kh1 Qb6 19. Nh5 Be7 20. Qg3 Nxh5 21. Bxh5 Qc5 22. f5 Kh8 23. e5 exf5 24. Rxd8 Bxd8 25. Qf4 g6 26. Bf3 Bxf3 27. Rxf3 Re8 28. Re3 Bc7 29. Rh3 Qxe5 30. Qxe5+ Bxe5 31. Re3 Re6 32. g3 Bxc3 33. Rxc3 0-1

[Event "Sabaneta op-B 1st"]
[Site "Sabaneta"]
[Date "2022.11.26"]
[Round "2"]
[White "Betancur Alvarez, Sara Maria"]
[Black "Mesa, Francisco Alonso Jr"]
[Result "0-1"]
[WhiteElo "1314"]
[BlackElo "1765"]
[PlyCount "52"]
[EventDate "2022.11.25"]
[EventType "swiss"]
[EventRounds "8"]
[EventCountry "COL"]
[SourceTitle "CBM 211 Extra"]
[Source "ChessBase"]
[SourceDate "2023.01.31"]
[SourceVersion "1"]
[SourceVersionDate "2023.01.31"]
[SourceQuality "1"]

1. e4 c5 2. c4 g6 3. d3 Bg7 4. g3 Nc6 5. Nc3 d6 6. Bg2 e6 7. Nge2 Nge7 8. Rb1 0-0 9. 0-0 Nd4 10. a3 Bd7 11. b4 b6 12. e5 Bc6 13. Nxd4 cxd4 14. exd6 Qxd6 15. Nb5 Qd7 16. Qg4 Bxg2 17. Kxg2 a6 18. Nxd4 Bxd4 19. Bg5 Nf5 20. Rfe1 Bg7 21. Rbd1 Nd4 22. Qf4 Qc6+ 23. Qe4 Qxe4+ 24. Rxe4 Ra7 25. Be3 Rd7 26. Bxd4 Bxd4 0-1

[Event "Medellin Aristizabal Cup"]
[Site "Medellin"]
[Date "2022.07.10"]
[Round "5"]
[White "Mesa, Francisco Alonso Jr"]
[Black "Suaza Builes, Oscar A"]
[Result "1-0"]
[WhiteElo "1787"]
[BlackElo "1413"]
[PlyCount "43"]
[EventDate "2022.07.08"]
[EventType "swiss"]
[EventRounds "7"]
[EventCountry "COL"]
[SourceTitle "CBM 209 Extra"]
[Source "ChessBase"]
[SourceDate "2022.09.30"]
[SourceVersion "1"]
[SourceVersionDate "2022.09.30"]
[SourceQuality "1"]

1. e4 d5 2. exd5 Qxd5 3. Nf3 Bg4 4. Be2 Nf6 5. h3 Bh5 6. 0-0 Nc6 7. d4 0-0-0 8. c4 Qd6 9. d5 Bxf3 10. Bxf3 Ne5 11. Bf4 Nxf3+ 12. Qxf3 Qb4 13. Qe2 h5 14. a3 Qa4 15. Nc3 Qa6 16. b4 e6 17. dxe6 Qxe6 18. Qxe6+ fxe6 19. Nb5 Bd6 20. Nxa7+ Kb8 21. Bxd6 Rxd6 22. Nb5 1-0

[Event "Medellin U2000 op"]
[Site "Medellin"]
[Date "2022.05.21"]
[Round "5"]
[White "Orozco Arias, Andres"]
[Black "Mesa, Francisco Alonso Jr"]
[Result "1-0"]
[WhiteElo "1552"]
[BlackElo "1787"]
[PlyCount "61"]
[EventDate "2022.05.18"]
[EventType "swiss"]
[EventRounds "7"]
[EventCountry "COL"]
[SourceTitle "CBM 208 Extra"]
[Source "ChessBase"]
[SourceDate "2022.07.31"]
[SourceVersion "1"]
[SourceVersionDate "2022.07.31"]
[SourceQuality "1"]

1. e4 c5 2. Nc3 e6 3. f4 Nc6 4. Nf3 a6 5. Be2 Qc7 6. d3 d6 7. 0-0 Nf6 8. Qe1 Nd4 9. Bd1 Be7 10. Qg3 g6 11. e5 Nf5 12. Qe1 Nd7 13. g4 Ng7 14. exd6 Bxd6 15. Nd5 Qc6 16. Qc3 0-0 17. Nf6+ Nxf6 18. Qxf6 Qc7 19. Qh4 f5 20. Ng5 Ne8 21. Re1 Nf6 22. gxf5 exf5 23. Bf3 Ra7 24. Bd2 b5 25. Re2 Qd8 26. Rae1 b4 27. b3 Re7 28. Bc1 Rfe8 29. Bb2 Rxe2 30. Rxe2 h5 31. Bxf6 1-0

[Event "Online Olym Disabilities"]
[Site "Tornelo INT"]
[Date "2020.11.24"]
[Round "4.6"]
[White "Le, Van Viet"]
[Black "Mesa, Francisco Alonso Jr"]
[Result "1/2-1/2"]
[WhiteElo "1438"]
[BlackElo "1837"]
[PlyCount "143"]
[EventDate "2020.11.21"]
[EventType "team-swiss (rapid)"]
[EventRounds "7"]
[EventCountry "NET"]
[SourceTitle "CBM 199 Extra"]
[Source "ChessBase"]
[SourceDate "2021.01.31"]
[SourceVersion "1"]
[SourceVersionDate "2021.01.31"]
[SourceQuality "1"]
[WhiteTeam "Vietnam"]
[BlackTeam "Colombia"]
[WhiteTeamCountry "VIE"]
[BlackTeamCountry "COL"]

1. e4 c5 2. Nf3 e6 3. d4 cxd4 4. Nxd4 a6 5. Bd3 Qc7 6. 0-0 Nf6 7. Qe2 d6 8. c4 Be7 9. f4 Nbd7 10. Nc3 b6 11. Be3 Bb7 12. Rad1 Nc5 13. Bc1 Nxd3 14. Qxd3 0-0 15. b3 Rac8 16. Bb2 d5 17. cxd5 exd5 18. Nxd5 Nxd5 19. exd5 Bf6 20. Kh1 Bxd5 21. Ba1 Qb7 22. Qg3 Be4 23. Nf3 Bxa1 24. Rxa1 Rc2 25. Rf2 Rxf2 26. Qxf2 Bxf3 27. Qxf3 Qxf3 28. gxf3 f6 29. Rc1 Rd8 30. Rc6 Rd1+ 31. Kg2 Rd2+ 32. Kg3 Rxa2 33. Rxb6 Kf7 34. b4 Kg6 35. Rc6 Ra4 36. Rb6 Kf5 37. Rb7 Kg6 38. Rb6 h6 39. Kg4 h5+ 40. Kg3 Kf5 41. Rb7 g6 42. Rb6 Ra2 43. Rc6 Ra4 44. Rb6 Ra1 45. Rc6 Rg1+ 46. Kf2 Rb1 47. Rxa6 Rxb4 48. Kg3 h4+ 49. Kxh4 Rxf4+ 50. Kg3 g5 51. Ra5+ Kg6 52. Ra6 Rh4 53. Ra5 Rc4 54. Ra6 Rc3 55. h3 Rc5 56. h4 gxh4+ 57. Kxh4 Rg5 58. Ra8 Rb5 59. Kg4 Rg5+ 60. Kf4 Rf5+ 61. Kg4 Rc5 62. Rg8+ Kf7 63. Ra8 Ke6 64. Ra6+ Kf7 65. Ra7+ Kg6 66. Ra8 Rg5+ 67. Kf4 Rf5+ 68. Kg4 Rc5 69. Rg8+ Kf7 70. Ra8 Kg7 71. Ra7+ Kg6 72. Ra8 1/2-1/2

[Event "Antioquia op"]
[Site "Antioquia"]
[Date "2020.03.06"]
[Round "6"]
[White "Mesa, Francisco Alonso Jr"]
[Black "Ortega Lopez, Mateo"]
[Result "1/2-1/2"]
[WhiteElo "1829"]
[BlackElo "1276"]
[PlyCount "27"]
[EventDate "2020.03.03"]
[EventType "swiss"]
[EventRounds "9"]
[EventCountry "COL"]
[SourceTitle "CBM 195 Extra"]
[Source "ChessBase"]
[SourceDate "2020.05.31"]
[SourceVersion "1"]
[SourceVersionDate "2020.05.31"]
[SourceQuality "1"]

1. e4 c5 2. Nf3 Nc6 3. g3 g6 4. Bg2 Bg7 5. 0-0 Nf6 6. Nc3 d6 7. d4 cxd4 8. Nxd4 0-0 9. Nce2 Qb6 10. c3 Bd7 11. h3 Rfc8 12. Kh2 Ne8 13. Rb1 Nc7 14. Be3 1/2-1/2

[Event "COL-ch Deaf 5th"]
[Site "Cartagena"]
[Date "2019.12.03"]
[Round "2.1"]
[White "Ledezma Arcos, Hugo Daniel"]
[Black "Mesa, Francisco Alonso Jr"]
[Result "0-1"]
[WhiteElo "1574"]
[BlackElo "1829"]
[PlyCount "98"]
[EventDate "2019.12.03"]
[EventType "swiss"]
[EventRounds "7"]
[EventCountry "COL"]
[SourceTitle "EXT 2024"]
[Source "ChessBase"]
[SourceDate "2023.10.10"]
[SourceVersion "1"]
[SourceVersionDate "2023.10.10"]
[SourceQuality "1"]

1. e4 c5 2. Bc4 e6 3. Nc3 a6 4. Nf3 b5 5. Be2 Bb7 6. d3 d6 7. Be3 Nf6 8. h3 Be7 9. 0-0 0-0 10. a3 Nc6 11. Qd2 Qc7 12. Ng5 h6 13. Nf3 d5 14. exd5 exd5 15. d4 c4 16. Nh4 Rfd8 17. Nf5 Bf8 18. Nxh6+ gxh6 19. Bxh6 Bxh6 20. Qxh6 Nh7 21. Bf3 Nxd4 22. Qh5 Nxf3+ 23. Qxf3 d4 24. Qg3+ Qxg3 25. fxg3 dxc3 26. bxc3 Rd2 27. Rf2 Rad8 28. Raf1 Rxf2 29. Rxf2 Ng5 30. h4 Ne4 31. Rf3 Rd2 32. Kh2 Rxg2+ 33. Kxg2 Nd2 34. Kf2 Nxf3 35. Ke3 Kg7 36. Kf4 Kf6 37. h5 Ne1 38. g4 Nxc2 39. g5+ Kg7 40. Ke5 Nxa3 41. h6+ Kg6 42. Kd6 b4 43. cxb4 c3 44. Ke7 Bd5 45. Kd6 Ba2 46. Ke7 c2 47. Kf8 c1Q 48. Ke7 Qc7+ 49. Ke8 Be6 0-1

[Event "COL pre olympic sf3"]
[Site "Cartagena"]
[Date "2019.08.18"]
[Round "8"]
[White "Mesa, Francisco Alonso Jr"]
[Black "Ojeda Ossa, Daniel De Jesus"]
[Result "1-0"]
[WhiteElo "1839"]
[BlackElo "1676"]
[PlyCount "47"]
[EventDate "2019.08.14"]
[EventType "swiss"]
[EventRounds "10"]
[EventCountry "COL"]
[SourceTitle "EXT 2020"]
[Source "ChessBase"]
[SourceDate "2019.10.17"]
[SourceVersion "1"]
[SourceVersionDate "2019.10.17"]
[SourceQuality "1"]

1. e4 c5 2. a3 Nc6 3. b4 cxb4 4. axb4 Nxb4 5. d4 d5 6. c3 Nc6 7. exd5 Qxd5 8. Na3 Bd7 9. Nb5 Rc8 10. Bf4 Qe4+ 11. Ne2 e5 12. dxe5 a6 13. Ra4 Nb4 14. Rxb4 Bxb4 15. f3 Qg6 16. Nd6+ Bxd6 17. exd6 Nf6 18. Qb3 0-0 19. Nd4 Rfe8+ 20. Kf2 b5 21. c4 Nh5 22. Be3 Qxd6 23. cxb5 axb5 24. Bd3 1-0

[Event "COL pre olympic sf3"]
[Site "Cartagena"]
[Date "2019.08.17"]
[Round "7"]
[White "Mesa, Francisco Alonso Jr"]
[Black "Guarin Fonseca, Nobel Alfredo"]
[Result "1-0"]
[WhiteElo "1839"]
[BlackElo "1485"]
[PlyCount "45"]
[EventDate "2019.08.14"]
[EventType "swiss"]
[EventRounds "10"]
[EventCountry "COL"]
[SourceTitle "EXT 2020"]
[Source "ChessBase"]
[SourceDate "2019.10.17"]
[SourceVersion "1"]
[SourceVersionDate "2019.10.17"]
[SourceQuality "1"]

1. e4 e6 2. d3 e5 3. Nf3 Nc6 4. g3 Bc5 5. Bg2 Nge7 6. 0-0 0-0 7. c3 a6 8. d4 exd4 9. cxd4 Ba7 10. d5 Nb8 11. b3 d6 12. Bb2 Bg4 13. Nbd2 Nd7 14. Qc2 Bh5 15. Qc3 f6 16. Nd4 Bf7 17. Bh3 Nc5 18. Qc2 c6 19. b4 Nd7 20. dxc6 Bxd4 21. cxd7 Bxb2 22. Qxb2 f5 23. Qd4 1-0

[Event "COL-ch U2000"]
[Site "Pereira"]
[Date "2019.03.25"]
[Round "9"]
[White "Mena, Yamil Octavio"]
[Black "Mesa, Francisco Alonso Jr"]
[Result "1/2-1/2"]
[WhiteElo "1984"]
[BlackElo "1837"]
[PlyCount "29"]
[EventDate "2019.03.21"]
[EventType "swiss"]
[EventRounds "9"]
[EventCountry "COL"]
[SourceTitle "CBM 189 Extra"]
[Source "ChessBase"]
[SourceDate "2019.06.03"]
[SourceVersion "1"]
[SourceVersionDate "2019.06.03"]
[SourceQuality "1"]

1. e4 c5 2. Nf3 e6 3. d4 cxd4 4. Nxd4 a6 5. h4 Qc7 6. Bd3 Nf6 7. Bd2 Be7 8. Nc3 Nc6 9. Nxc6 bxc6 10. h5 d5 11. h6 g6 12. Qf3 d4 13. Ne2 e5 14. Qg3 c5 15. b3 1/2-1/2

[Event "COL-ch U2000"]
[Site "Pereira"]
[Date "2019.03.22"]
[Round "3"]
[White "Mesa, Francisco Alonso Jr"]
[Black "Lopez Ramirez, David Santiago"]
[Result "0-1"]
[WhiteElo "1837"]
[BlackElo "1931"]
[PlyCount "64"]
[EventDate "2019.03.21"]
[EventType "swiss"]
[EventRounds "9"]
[EventCountry "COL"]
[SourceTitle "CBM 189 Extra"]
[Source "ChessBase"]
[SourceDate "2019.06.03"]
[SourceVersion "1"]
[SourceVersionDate "2019.06.03"]
[SourceQuality "1"]

1. e4 c5 2. a3 g6 3. b4 Bg7 4. Nc3 Nf6 5. e5 Nh5 6. bxc5 d6 7. cxd6 exd6 8. exd6 0-0 9. Be2 Re8 10. Kf1 Nf4 11. Bf3 Qxd6 12. Rb1 Nc6 13. d3 Ne6 14. Ne4 Qc7 15. Bb2 Ncd4 16. c4 Rd8 17. Nc3 Nxf3 18. Nxf3 Nf4 19. Nd5 Nxd5 20. Bxg7 Kxg7 21. cxd5 Rxd5 22. Qb3 Qd6 23. Qc3+ f6 24. d4 b6 25. Ke2 Ba6+ 26. Kd2 Rc8 27. Qe3 Ra5 28. Rhe1 Rc7 29. Rb3 Bb7 30. Rd3 Ra4 31. h4 Rac4 32. Rb1 Re7 0-1

[Event "Antioquia op-B"]
[Site "Medellin"]
[Date "2018.04.29"]
[Round "5"]
[White "Ospina Castro, Santiago"]
[Black "Mesa, Francisco Alonso Jr"]
[Result "1-0"]
[WhiteElo "1707"]
[BlackElo "1890"]
[PlyCount "96"]
[EventDate "2018.04.25"]
[EventType "swiss"]
[EventRounds "7"]
[EventCountry "COL"]
[SourceTitle "CBM 184 Extra"]
[Source "ChessBase"]
[SourceDate "2018.06.28"]
[SourceVersion "1"]
[SourceVersionDate "2018.06.28"]
[SourceQuality "1"]

1. e4 c5 2. Nc3 e6 3. f4 Nc6 4. Nf3 Qc7 5. Bb5 Nf6 6. d3 a6 7. Bxc6 bxc6 8. 0-0 d5 9. e5 Nd7 10. b3 Be7 11. Ba3 Qa5 12. Na4 Nb6 13. Nxb6 Qxb6 14. c4 0-0 15. Nd2 Bd7 16. Nb1 Qa5 17. Qe1 Qc7 18. Nc3 f6 19. Qe2 g5 20. fxg5 Qxe5 21. Qxe5 fxe5 22. Na4 Bxg5 23. Bxc5 Rf5 24. Rae1 e4 25. dxe4 Rxf1+ 26. Kxf1 dxc4 27. Nb6 Rd8 28. Nxc4 Be8 29. Bd6 Bg6 30. e5 Rd7 31. g3 Rf7+ 32. Kg2 Bd3 33. h4 Bh6 34. Bc5 Rf5 35. Nd6 Rh5 36. Kh3 Bg7 37. Bd4 Rh6 38. g4 Rg6 39. Rc1 Be2 40. Rg1 Bf3 41. Rg3 Be2 42. h5 Rg5 43. Kh4 h6 44. Ne4 Bxe5 45. Bxe5 Rxe5 46. Re3 Bd1 47. Nf6+ Kf7 48. Rxe5 Kxf6 1-0

[Event "Antioquia op-B"]
[Site "Medellin"]
[Date "2018.04.27"]
[Round "3"]
[White "Mesa, Francisco Sr"]
[Black "Mesa, Francisco Alonso Jr"]
[Result "0-1"]
[WhiteElo "1557"]
[BlackElo "1890"]
[PlyCount "39"]
[EventDate "2018.04.25"]
[EventType "swiss"]
[EventRounds "7"]
[EventCountry "COL"]
[SourceTitle "CBM 184 Extra"]
[Source "ChessBase"]
[SourceDate "2018.06.28"]
[SourceVersion "1"]
[SourceVersionDate "2018.06.28"]
[SourceQuality "1"]

1. e4 c5 2. Nf3 e6 3. d4 cxd4 4. Nxd4 a6 5. Nc3 Qc7 6. Nb3 Nf6 7. Bd3 Nc6 8. 0-0 Be7 9. Be3 0-0 10. f4 d6 11. Qf3 Rb8 12. a4 b6 13. Rad1 Nb4 14. f5 exf5 15. exf5 Bb7 16. Qf2 Ng4 17. Qe2 Nxe3 18. Qxe3 Bc6 19. Qf4 Nxd3 20. Rxd3 0-1

[Event "COL-ch Amateur U2000"]
[Site "Bogota"]
[Date "2018.02.17"]
[Round "5.25"]
[White "Mesa, Francisco Alonso Jr"]
[Black "Mora Suarez, Juan Felipe"]
[Result "1-0"]
[WhiteElo "1898"]
[BlackElo "1792"]
[PlyCount "47"]
[EventDate "2018.02.15"]
[EventType "swiss"]
[EventRounds "7"]
[EventCountry "COL"]
[SourceTitle "EXT 2024"]
[Source "ChessBase"]
[SourceDate "2023.10.10"]
[SourceVersion "1"]
[SourceVersionDate "2023.10.10"]
[SourceQuality "1"]

1. e4 c5 2. a3 g6 3. b4 Bg7 4. Nc3 d6 5. Nf3 Nf6 6. d4 cxd4 7. Nxd4 0-0 8. Be2 Nc6 9. Bb2 d5 10. exd5 Nxd5 11. Nxd5 Qxd5 12. Nxc6 Qxc6 13. Bxg7 Kxg7 14. 0-0 Be6 15. Qd4+ f6 16. c4 Rfd8 17. Qc3 Rac8 18. Rac1 b6 19. Qe3 Bf7 20. c5 bxc5 21. Rxc5 Qe6 22. Qxe6 Bxe6 23. Rfc1 Rxc5 24. bxc5 1-0

[Event "Medellin Luces Cup"]
[Site "Medellin"]
[Date "2017.12.21"]
[Round "6"]
[White "Cardona, Jeyson"]
[Black "Mesa, Francisco Alonso Jr"]
[Result "1/2-1/2"]
[WhiteElo "2067"]
[BlackElo "1896"]
[PlyCount "40"]
[EventDate "2017.12.18"]
[EventType "swiss"]
[EventRounds "7"]
[EventCountry "COL"]
[SourceTitle "CBM 182 Extra"]
[Source "ChessBase"]
[SourceDate "2018.02.23"]
[SourceVersion "1"]
[SourceVersionDate "2018.02.23"]
[SourceQuality "1"]

1. e4 c5 2. Nf3 e6 3. d4 cxd4 4. Nxd4 a6 5. Nc3 Qc7 6. a3 Nf6 7. f4 d6 8. Qf3 Nc6 9. Be3 Be7 10. g4 Nxd4 11. Bxd4 e5 12. fxe5 dxe5 13. Qg3 Bd6 14. Be3 Nxg4 15. Bd2 f5 16. exf5 Bxf5 17. 0-0-0 0-0-0 18. h3 Nf6 19. Bg2 Rhf8 20. Qf2 Ne4 1/2-1/2

[Event "Medellin Luces Cup"]
[Site "Medellin"]
[Date "2017.12.19"]
[Round "3"]
[White "Piedrahita Hernandez, Byron Miguel"]
[Black "Mesa, Francisco Alonso Jr"]
[Result "0-1"]
[WhiteElo "1639"]
[BlackElo "1896"]
[PlyCount "48"]
[EventDate "2017.12.18"]
[EventType "swiss"]
[EventRounds "7"]
[EventCountry "COL"]
[SourceTitle "CBM 182 Extra"]
[Source "ChessBase"]
[SourceDate "2018.02.23"]
[SourceVersion "1"]
[SourceVersionDate "2018.02.23"]
[SourceQuality "1"]

1. e4 c5 2. Nc3 e6 3. f4 Nc6 4. Bb5 Qc7 5. d3 a6 6. Bxc6 Qxc6 7. Nf3 d6 8. 0-0 Nf6 9. e5 Nd5 10. Ne4 h6 11. c4 Nb6 12. exd6 Bxd6 13. Ne5 Qc7 14. Qg4 Bf8 15. Qh5 g6 16. Nf6+ Kd8 17. Qh4 Qe7 18. Nf3 Nd7 19. Ne4 Qxh4 20. Nxh4 Be7 21. Nf3 b6 22. Ne5 Ke8 23. Be3 Bb7 24. a4 f5 0-1

[Event "Guillermo Garcia Memorial op 26th"]
[Site "Santa Clara"]
[Date "2017.05.25"]
[Round "9"]
[White "Rivero Pereira, Nyliam Jermayori"]
[Black "Mesa, Francisco Alonso Jr"]
[Result "0-1"]
[WhiteElo "1653"]
[BlackElo "1903"]
[PlyCount "66"]
[EventDate "2017.05.16"]
[EventType "swiss"]
[EventRounds "9"]
[EventCountry "CUB"]
[SourceTitle "CBM 178 Extra"]
[Source "ChessBase"]
[SourceDate "2017.06.22"]
[SourceVersion "1"]
[SourceVersionDate "2017.06.22"]
[SourceQuality "1"]

1. e4 c5 2. c3 d5 3. exd5 Qxd5 4. d4 Nf6 5. Nf3 e6 6. Nbd2 Nc6 7. Bc4 Qd8 8. Nb3 cxd4 9. Nbxd4 Nxd4 10. Nxd4 a6 11. 0-0 Be7 12. Bf4 0-0 13. Qc2 Bd6 14. Bxd6 Qxd6 15. Rad1 Qc7 16. Bd3 b6 17. Rfe1 Bb7 18. Re3 g6 19. Rde1 Rad8 20. Rg3 Nh5 21. Rg4 Ng7 22. Qd2 e5 23. Re3 Bc8 24. Rh4 exd4 25. Rg3 h5 26. Qh6 dxc3 27. h3 Rxd3 28. Rxd3 cxb2 29. Rd1 Nf5 30. Qg5 Nxh4 31. Qxh4 Bf5 32. Qb4 Qc2 33. Re1 b1Q 0-1